| 000 | 00824cam a2200217 4500500 | ||
|---|---|---|---|
| 005 | 20260111132233.0 | ||
| 041 | _afre | ||
| 042 | _adc | ||
| 100 | 1 | 0 |
_aBM, Y _eauthor |
| 245 | 0 | 0 | _aTémoignage d’un Labordien |
| 260 | _c2025. | ||
| 500 | _a34 | ||
| 520 | _aUn pensionnaire de la clinique de La Borde nous a spontanément fait part de son témoignage quant à son parcours personnel dans la maladie psychique, et de ce qu’évoque pour lui la co-soignance. | ||
| 690 | _aco-soignance | ||
| 690 | _adépression | ||
| 690 | _afamille | ||
| 690 | _aparcours de soin | ||
| 690 | _aTémoignage | ||
| 786 | 0 | _nVST - Vie sociale et traitements | 168 | 4 | 2025-12-05 | p. 45-47 | 0396-8669 | |
| 856 | 4 | 1 | _uhttps://shs.cairn.info/revue-vst-vie-sociale-et-traitements-2025-4-page-45?lang=fr&redirect-ssocas=7080 |
| 999 |
_c1634626 _d1634626 |
||